000 00459nam a22001577a 4500
003 NUST
038 _aSaba
082 _a004
_bMCS
100 _aAakif, Aimen
_935137
245 _aAutomatic Identification of Plants based on Leaf Segmentation
_cAimen Aakif
260 _aIslamabad :
_bMCS-NUST,
_c2014.
300 _a87p.
_c30cm
650 _aSoftware Engineering - Automatic Identification
_935138
700 _aDr. Muhammad Faisal
_935139
942 _2ddc
_cTHE
999 _c540872
_d540872